00939nam a2200265Ia 450000500170000000800410001702000180005804000720007604100080014806000110015624500910016726000610025830000540031965000410037365000460041465000170046065000170047765000210049465000210051565000210053670000170055770000260057470000200060076500530062020240524112511.0130821s2010 sp ao gr spa  a9788498352139 aCo-BoUCMbspacDavid Moreno (modificó)dDavid Moreno (modificó)00aspa00aWE 14103aEl concepto maitland su aplicación en fisioterapiacGerti Bucher-Dollenz...[et al.] aMadrid (España)bEditorial Médica Panamericanac2010 axxix, 132 Páginasbilustraciones, fotografías04aEnfermedades muscularesvDiagnostico04aEnfermedades neuromuscularesvDiagnostico04aFisioterapia04aNeurología04aRehabilitación04aSistema muscular04aSistema nervioso1 aBlake, Robin1 aBucher-Dollenz, Gerti1 aWiesner, Renate tTherapiekonzepte in der physiotherapie: Maitland